[Event "Groningen Open A"]
[Site "Groningen NED"]
[Date "2012.12.21"]
[Round "1.30"]
[White "De Jong, Migchiel"]
[Black "Van Osch, Mees"]
[Result "1-0"]
[WhiteTitle "IM"]
[WhiteElo "2372"]
[BlackElo "2090"]
[WhiteFideId "1002848"]
[BlackFideId "1035967"]
[EventDate "2012.12.21"]

1. e4 c5 2. Nf3 d6 3. c3 Nf6 4. h3 Nc6 5. Bd3 d5 6. e5 Nd7 7. Bb5 Qb6 8. Qe2 c4
9. Ba4 Nc5 10. Bc2 g6 11. O-O Bg7 12. Na3 O-O 13. b3 cxb3 14. axb3 Nxb3 15. Rb1
Nxc1 16. Rfxc1 Qa5 17. Nb5 a6 18. Nbd4 Qc7 19. e6 Nxd4 20. cxd4 Bxe6 21. Bxg6
Qf4 22. Bc2 Rac8 23. Rxb7 Rc4 24. g3 Qh6 25. Qd3 Rfc8 26. Qb3 Bxh3 27. Rxe7 Bf5
28. Ne1 Bxc2 29. Rxc2 Rxc2 30. Nxc2 Qxd2 31. Qxd5 Rf8 32. Qe4 a5 33. d5 a4 34.
Ra7 Rd8 35. Ne3 Qd4 36. Qe7 Qf6 37. Qxf6 Bxf6 38. Rxa4 Kf8 39. Kg2 Bc3 40. Kf3
Be1 41. Nf5 f6 42. d6 Kf7 43. Re4 Ba5 44. Re7+ Kg6 45. g4 Rg8 46. Ra7 Bd8 47.
Ke4 h6 48. f4 h5 49. gxh5+ Kxh5 50. Kd5 Kg6 51. Ke6 Re8+ 52. Ne7+ Kg7 53. f5 1-0

[Event "Groningen Open A"]
[Site "Groningen NED"]
[Date "2012.12.21"]
[Round "1.32"]
[White "Goudriaan, Etienne"]
[Black "Beerdsen, Thomas"]
[Result "1-0"]
[WhiteTitle "FM"]
[WhiteElo "2366"]
[BlackElo "2076"]
[WhiteFideId "1021150"]
[BlackFideId "1030108"]
[EventDate "2012.12.21"]

1. Nf3 Nf6 2. c4 c6 3. d4 d5 4. Nc3 e6 5. Bg5 h6 6. Bh4 dxc4 7. e4 g5 8. Bg3 b5
9. Be2 Bb7 10. Ne5 Nbd7 11. O-O Be7 12. Nxd7 Nxd7 13. d5 Nf8 14. d6 Bf6 15. e5
Bg7 16. Bf3 Qb6 17. a4 a6 18. b3 cxb3 19. Qxb3 Rb8 20. axb5 Nd7 21. Na4 Qxb5 22.
Qc2 O-O 23. Rfb1 Qa5 24. Nb6 Qc5 25. Qxc5 Nxc5 26. Ra5 g4 27. Bxg4 Ne4 28. Nd7
Nc3 29. Rc1 Nd5 30. Nxb8 Rxb8 31. f4 Bc8 32. h3 Rb2 33. Rxd5 h5 34. Rxc6 Bd7 35.
Rxa6 hxg4 36. Rc5 gxh3 37. gxh3 Rb1+ 38. Kg2 Rb2+ 39. Bf2 1-0

[Event "Groningen Open A"]
[Site "Groningen NED"]
[Date "2012.12.21"]
[Round "1.33"]
[White "Henseler, Jorgen"]
[Black "Schoorl, Rob"]
[Result "0-1"]
[BlackTitle "FM"]
[WhiteElo "2076"]
[BlackElo "2366"]
[WhiteFideId "1023233"]
[BlackFideId "1009508"]
[EventDate "2012.12.21"]

1. e4 e5 2. Nf3 Nc6 3. Bc4 Nf6 4. Ng5 d5 5. exd5 Na5 6. Bb5+ c6 7. dxc6 bxc6 8.
Bd3 Nd5 9. h4 Nf4 10. Bf1 Qd5 11. Qf3 f6 12. Nc3 Qd7 13. Nge4 Ne6 14. Qh5+ Qf7
15. Qxf7+ Kxf7 16. d3 Nd4 17. Kd1 c5 18. Ne2 Ba6 19. Bd2 Nac6 20. N2g3 Be7 21.
c3 Ne6 22. Kc2 Rhd8 23. Be3 g6 24. Rd1 Kg7 25. f3 Rd7 26. Nf2 f5 27. Bc1 Rad8
28. h5 Bg5 29. Bxg5 Nxg5 30. hxg6 hxg6 31. b3 Ne6 32. Ne2 Ne7 33. Nc1 Kf6 34.
Re1 c4 35. bxc4 Bxc4 36. Nb3 Bd5 37. Rh7 a5 38. Rh4 Bc6 39. Rb1 Kg5 40. Rh7 a4
41. Nd2 Nd5 42. Rxd7 Ne3+ 43. Kc1 Rxd7 44. Rb6 Nd8 45. Nd1 Nxf1 46. Nxf1 Rxd3
47. Kc2 Rd6 48. Rb4 Ne6 49. Nde3 e4 50. Nd2 Kf4 51. Nec4 Rd8 52. Rb6 Bd5 53. Nd6
e3 54. Nf7 Rd7 55. Rb4+ Kg3 56. Nf1+ Kf2 57. Nxe3 Kxe3 58. Ne5 Rg7 59. c4 Nd4+
60. Kc3 Nc6 61. Rxa4 Nxe5 62. cxd5 Rc7+ 63. Kb3 Rd7 64. Ra5 Kd4 65. f4 Nd3 66.
Ra6 Nc5+ 0-1

[Event "Groningen Open A"]
[Site "Groningen NED"]
[Date "2012.12.21"]
[Round "1.34"]
[White "Mammadova, Gulnar"]
[Black "Richters, Marc"]
[Result "1-0"]
[WhiteTitle "WGM"]
[WhiteElo "2363"]
[BlackElo "2075"]
[WhiteFideId "13403508"]
[BlackFideId "24612332"]
[EventDate "2012.12.21"]

1. e4 c5 2. Nf3 d6 3. d4 cxd4 4. Qxd4 Nc6 5. Bb5 Bd7 6. Bxc6 Bxc6 7. Nc3 Nf6 8.
Bg5 h6 9. Bxf6 gxf6 10. O-O-O Qa5 11. Kb1 Rg8 12. Rhg1 Bg7 13. Qc4 f5 14. Nd4
Bxe4 15. Nxe4 fxe4 16. Nb5 Kd7 17. Nxd6 exd6 18. Qxf7+ Kc6 19. Rxd6+ Kxd6 20.
Rd1+ Bd4 21. Rxd4+ Ke5 22. c3 Rad8 23. Qh5+ Rg5 24. Qxh6 Kf5 25. h4 1-0

[Event "Groningen Open A"]
[Site "Groningen NED"]
[Date "2012.12.21"]
[Round "1.35"]
[White "Dijkhuis, Tycho"]
[Black "Berkovich, Mark A"]
[Result "1/2-1/2"]
[BlackTitle "IM"]
[WhiteElo "2062"]
[BlackElo "2359"]
[WhiteFideId "1036564"]
[BlackFideId "2801639"]
[EventDate "2012.12.21"]

1. e4 e5 2. Nf3 Nc6 3. Bb5 g6 4. O-O Bg7 5. c3 a6 6. Ba4 b5 7. Bb3 Nge7 8. d4
exd4 9. cxd4 O-O 10. Nc3 d6 11. h3 Na5 12. Bc2 c5 13. Bf4 Nc4 14. b3 Na3 15. Bd3
Bb7 16. Qc1 Rc8 17. Qxa3 b4 18. Qa4 bxc3 19. d5 h6 20. Rad1 f5 21. Rfe1 g5 22.
Bxd6 Qxd6 23. e5 Qb6 24. d6 Bxf3 25. gxf3 Nc6 26. Bc4+ Kh7 27. d7 Nd4 28. Rxd4
cxd4 29. dxc8=Q Rxc8 30. Qd7 Rd8 31. Qxf5+ Qg6 32. Qxg6+ Kxg6 33. e6 Bf6 34.
Bd3+ Kg7 35. Bxa6 Kf8 36. Bd3 Ke7 37. Kf1 Rd6 38. a4 Rxe6 39. Rxe6+ Kxe6 1/2-1/2

[Event "Groningen Open A"]
[Site "Groningen NED"]
[Date "2012.12.21"]
[Round "1.36"]
[White "Eggleston, David J"]
[Black "Vereggen, Lars"]
[Result "1-0"]
[WhiteTitle "FM"]
[WhiteElo "2352"]
[BlackElo "2059"]
[WhiteFideId "412120"]
[BlackFideId "1029258"]
[EventDate "2012.12.21"]

1. e4 c5 2. Nf3 d6 3. d4 cxd4 4. Nxd4 Nf6 5. Nc3 g6 6. Be3 Ng4 7. Bg5 h6 8. Bh4
g5 9. Bg3 Bg7 10. h3 Ne5 11. f3 Nbc6 12. Bf2 Be6 13. Qd2 Rc8 14. O-O-O Nxd4 15.
Bxd4 b5 16. Kb1 Qa5 17. a3 Bc4 18. Qf2 Qd8 19. Bxc4 Rxc4 20. g3 O-O 21. f4 Rxd4
22. Qxd4 Nc4 23. e5 Qa5 24. Rhe1 dxe5 25. fxe5 Kh8 26. Qc5 e6 27. Re4 Nb6 28.
Rd6 Na8 29. Rd7 Nb6 30. Rb7 Na8 31. Rd4 1-0

[Event "Groningen Open A"]
[Site "Groningen NED"]
[Date "2012.12.21"]
[Round "1.37"]
[White "Gieben, Stijn"]
[Black "Pijpers, Arthur"]
[Result "0-1"]
[WhiteElo "2048"]
[BlackElo "2351"]
[WhiteFideId "1034170"]
[BlackFideId "1019554"]
[EventDate "2012.12.21"]

1. e4 c5 2. Nf3 d6 3. d4 Nf6 4. Nc3 cxd4 5. Nxd4 g6 6. Be3 Bg7 7. f3 Nc6 8. Qd2
O-O 9. O-O-O d5 10. Nxc6 bxc6 11. e5 Nd7 12. f4 Qa5 13. Be2 e6 14. Kb1 Rb8 15.
g4 Qb4 16. b3 c5 17. Bf2 g5 18. Bg3 gxf4 19. Bxf4 Nxe5 20. h4 Rb6 21. Rh3 d4 22.
Bxe5 Bxe5 23. Qg5+ Bg7 24. Ne4 e5 25. Qe7 c4 26. Qxa7 d3 27. cxd3 cxb3 28. a3
Qd4 29. Qe7 Be6 30. Qc5 Rc8 31. Qxd4 exd4 32. Rc1 Rxc1+ 33. Kxc1 b2+ 0-1

[Event "Groningen Open A"]
[Site "Groningen NED"]
[Date "2012.12.21"]
[Round "1.38"]
[White "Afek, Yochanan"]
[Black "Ratsma, Midas"]
[Result "1-0"]
[WhiteTitle "IM"]
[WhiteElo "2311"]
[BlackElo "2031"]
[WhiteFideId "2800462"]
[BlackFideId "1032283"]
[EventDate "2012.12.21"]

1. e4 e6 2. d4 d5 3. e5 c5 4. c3 Nc6 5. Nf3 Qb6 6. a3 Nh6 7. Bd3 Bd7 8. Bc2 cxd4
9. cxd4 Nf5 10. Bxf5 exf5 11. Nc3 Be6 12. h4 h6 13. h5 Rc8 14. Qd3 Na5 15. Rb1
Bxa3 16. bxa3 Rxc3 17. Qxc3 Qxb1 18. O-O Qb6 19. Nh4 Nb3 20. Be3 a5 21. f4 O-O
22. Qd3 Rc8 23. Nxf5 Bxf5 24. Qxf5 Rc3 25. Bf2 Nxd4 26. Qg4 Qe6 27. Qxe6 Nxe6
28. g3 Rxa3 29. Rb1 a4 30. Rxb7 Rb3 31. Ra7 a3 32. Kg2 Rc3 33. Ra5 Rd3 34. Kf1
d4 35. f5 Ng5 36. Ke2 Rb3 37. Bxd4 Rxg3 38. Bc5 Rf3 39. e6 fxe6 40. fxe6 Rf5 41.
Ra8+ Kh7 42. e7 Re5+ 43. Kf1 a2 44. Rxa2 Ne4 45. Bb4 Ng3+ 46. Kg1 Nxh5 47. Ra5
Rxa5 48. e8=Q Rg5+ 49. Kf2 Nf6 50. Qe6 Rg6 51. Qf5 h5 52. Ke2 Ng4 53. Qxh5+ Nh6
54. Qd5 Rf6 55. Bc3 Rf7 56. Bd2 Rf6 57. Bg5 Rg6 58. Qd3 Nf7 59. Bf4 Nh8 60. Qf5
Kg8 61. Bg5 Kh7 62. Kf3 Kg8 63. Kg3 Kh7 64. Kh4 Kg8 65. Kh5 Kh7 66. Kg4 Kg8 67.
Kf3 Kh7 68. Be3 Kg8 69. Bd4 Kh7 70. Qf8 Rg1 71. Qe7 Rg6 72. Ke4 Kg8 73. Kf4 Kh7
74. Qd7 Kg8 75. Be5 Kh7 76. Qh3+ Rh6 77. Qg2 Rg6 78. Qh3+ Rh6 79. Qd3+ Rg6 80.
Qd7 Kg8 81. Qe8+ Kh7 82. Qe7 Kg8 83. Qe8+ Kh7 84. Qa8 Rh6 85. Ke4 Rg6 86. Kd5
Rh6 87. Qf8 Rg6 88. Qf5 Kg8 89. Bd6 Rf6 90. Qe4 Rg6 91. Kc6 Rf6 92. Kd7 Rg6 93.
Be7 Rh6 94. Ke8 Rg6 95. Qf5 Rh6 96. Bg5 Rg6 97. Qd5+ Kh7 98. Kf8 Rxg5 99. Qxg5
Ng6+ 100. Ke8 Nh8 101. Qh5+ Kg8 102. Ke7 g6 103. Qh6 1-0

[Event "Groningen Open A"]
[Site "Groningen NED"]
[Date "2012.12.21"]
[Round "1.41"]
[White "Ben Artzi, Ido"]
[Black "Majhi, Ankit"]
[Result "1-0"]
[WhiteElo "2297"]
[BlackElo "1984"]
[WhiteFideId "2810913"]
[BlackFideId "1033735"]
[EventDate "2012.12.21"]

1. d4 Nf6 2. c4 g6 3. Nc3 Bg7 4. e4 d6 5. f3 O-O 6. Be3 c6 7. Qd2 e5 8. d5 cxd5
9. cxd5 a6 10. Bd3 Nbd7 11. Nge2 b5 12. b4 Nb6 13. a4 bxa4 14. Nxa4 Nfd7 15. O-O
f5 16. Nec3 Bb7 17. Nxb6 Nxb6 18. Na4 Nxa4 19. Rxa4 fxe4 20. fxe4 Qh4 21. Raa1
Rac8 22. Rxf8+ Rxf8 23. Bg5 Qg4 24. h3 Qg3 25. Bxa6 Ra8 26. b5 Qb3 27. Qc1 Bxa6
28. bxa6 Bf8 29. a7 Qd3 30. Ra4 h6 31. Be3 Be7 32. Ra3 Qb5 33. Qc2 Bd8 34. Qc6
Qxc6 35. dxc6 Kf7 36. Rb3 1-0

[Event "Groningen Open A"]
[Site "Groningen NED"]
[Date "2012.12.21"]
[Round "1.43"]
[White "Calzetta Ruiz, Monica"]
[Black "IJzermans, Gijs"]
[Result "0-1"]
[WhiteTitle "WGM"]
[WhiteElo "2286"]
[BlackElo "1966"]
[WhiteFideId "2204185"]
[BlackFideId "1031570"]
[EventDate "2012.12.21"]

1. e4 c5 2. Nc3 d6 3. f4 Nc6 4. Nf3 g6 5. Bc4 Bg7 6. O-O e6 7. d3 Nge7 8. Qe1
Nd4 9. Nxd4 cxd4 10. Ne2 d5 11. Bb3 O-O 12. e5 a5 13. a4 Qb6 14. Rf3 f6 15. Rh3
fxe5 16. fxe5 Qc7 17. Nxd4 Qxe5 18. Be3 Nf5 19. Nxf5 Rxf5 20. d4 Qd6 21. Rd1 Bd7
22. c3 Raf8 23. Bc2 Rf1+ 24. Qxf1 Rxf1+ 25. Rxf1 e5 26. dxe5 Bxe5 27. Rhf3 Bxh2+
28. Kh1 Be5 29. Bh6 Bg7 30. Bxg7 Kxg7 31. Rf7+ Kg8 32. R1f6 Be6 33. Rxb7 Qe5 34.
Rf1 Qe2 35. Rf3 Qxc2 36. b4 Qxa4 37. b5 Qh4+ 38. Kg1 Qe1+ 39. Kh2 Qe5+ 40. Kh1
d4 41. cxd4 Qe1+ 42. Kh2 Qh4+ 43. Kg1 Qxd4+ 44. Rf2 a4 45. b6 a3 0-1

[Event "Groningen Open A"]
[Site "Groningen NED"]
[Date "2012.12.21"]
[Round "1.44"]
[White "Kevlishvili, Robby"]
[Black "Mamedjarova, Turkan"]
[Result "1-0"]
[BlackTitle "WGM"]
[WhiteElo "1941"]
[BlackElo "2277"]
[WhiteFideId "1040634"]
[BlackFideId "13402005"]
[EventDate "2012.12.21"]

1. e4 e5 2. Nf3 Nc6 3. Bb5 Nd4 4. Nxd4 exd4 5. d3 c6 6. Bc4 d6 7. O-O Nf6 8. Bf4
Be7 9. Re1 O-O 10. Bb3 Bg4 11. f3 Be6 12. Bg3 a5 13. Bf2 c5 14. c3 Qb6 15. cxd4
cxd4 16. Nd2 Nd7 17. Bxe6 fxe6 18. Qa4 Nc5 19. Qxd4 Bf6 20. e5 Bxe5 21. Rxe5
dxe5 22. Qxc5 Qxb2 23. Rd1 Rfc8 24. Qe7 Re8 25. Qg5 Qxa2 26. Ne4 Rf8 27. Qxe5
Rf5 28. Qc7 Rf7 29. Qc3 a4 30. Ra1 Qd5 31. Nc5 b5 32. Qb4 Qc6 33. h3 e5 34. Bg3
Qd5 35. Bf2 Qc6 36. Kh2 Rf4 37. Qb2 Rf7 38. Ne4 Qd5 39. Nc5 Qc6 40. Qa3 Qd6 41.
Kh1 Rf4 42. Qb2 b4 43. Rxa4 Rxa4 44. Qb3+ Kh8 45. Qxa4 h6 46. Qb3 Qe7 47. Ne4
Qc7 48. Qxb4 Qc1+ 49. Kh2 Kh7 50. Bg3 Rf7 51. Bxe5 Qf1 52. Qd4 Qe2 53. Ng3 Qc2
54. Qe4+ g6 55. Qc4 1-0

[Event "Groningen Open A"]
[Site "Groningen NED"]
[Date "2012.12.21"]
[Round "1.45"]
[White "Van Overdam, Julian"]
[Black "Gerlagh, Joris"]
[Result "1-0"]
[WhiteElo "2268"]
[BlackElo "1925"]
[WhiteFideId "1015303"]
[BlackFideId "1038834"]
[EventDate "2012.12.21"]

1. e4 c5 2. Nc3 e6 3. f4 d5 4. Nf3 Nc6 5. Bb5 Nf6 6. Bxc6+ bxc6 7. d3 Ba6 8. e5
Nd7 9. O-O Qb6 10. Rb1 d4 11. Na4 Qb5 12. b3 Nb6 13. Nxb6 Qxb6 14. Nd2 Be7 15.
a4 O-O 16. Ba3 f5 17. exf6 Rxf6 18. Ne4 Rf5 19. Ng3 Rf6 20. Nh5 Rg6 21. Qe2 Bd6
22. Rf3 Rf8 23. Rbf1 Bc8 24. Ng3 Qc7 25. Ne4 Rf5 26. Bc1 Bf8 27. Ng3 Rf7 28. f5
exf5 29. Nxf5 Bxf5 30. Rxf5 Rxf5 31. Rxf5 Qd7 32. Re5 h6 33. Qe4 Rf6 34. Qe1 Qg4
35. Qe2 Qxe2 36. Rxe2 Kf7 37. Ba3 Re6 38. Rf2+ Rf6 39. Rd2 Bd6 40. g3 g5 41. Bc1
Re6 42. Rf2+ Rf6 43. Kg2 Rxf2+ 44. Kxf2 Kg6 45. Kf3 h5 46. Ke4 g4 47. Bf4 Be7
48. Ke5 Kf7 49. Kf5 a6 50. Bd2 Bd8 51. Bg5 Ba5 52. Bf4 Be1 53. Bd6 Bf2 54. Bxc5
Bg1 55. Kg5 Ke6 56. Kxh5 Kf5 57. Kh4 1-0

[Event "Groningen Open A"]
[Site "Groningen NED"]
[Date "2012.12.22"]
[Round "2.2"]
[White "Kovchan, Alexander"]
[Black "Goudriaan, Etienne"]
[Result "1-0"]
[WhiteTitle "GM"]
[BlackTitle "FM"]
[WhiteElo "2579"]
[BlackElo "2366"]
[WhiteFideId "14103052"]
[BlackFideId "1021150"]
[EventDate "2012.12.21"]

1. e4 c5 2. Nf3 d6 3. d4 cxd4 4. Nxd4 Nf6 5. Nc3 a6 6. Be2 e5 7. Nb3 Be7 8. O-O
O-O 9. Re1 Be6 10. Bf3 a5 11. a4 h6 12. h3 Na6 13. Nd2 Nb4 14. Nf1 Rc8 15. Ne3
Qd7 16. Ncd5 Nfxd5 17. exd5 Bf5 18. c3 Nd3 19. Nxf5 Qxf5 20. g4 Qg6 21. Be4 Nxf2
22. Bxg6 Nxd1 23. Bf5 Nxb2 24. Bxb2 Rc5 25. Be4 Rd8 26. Red1 Bg5 27. Bd3 Re8 28.
c4 e4 29. Be2 Be3+ 30. Kg2 Rcc8 31. Rab1 Re7 32. Bd4 Bxd4 33. Rxd4 g6 34. Rb6
Rd8 35. Kg3 Kg7 36. Kf4 f5 37. gxf5 gxf5 38. Rd1 e3 39. Bd3 e2 40. Re1 Rde8 41.
Rxd6 Re3 42. Kxf5 Rxd3 43. Rg1+ Kh8 1-0

[Event "Groningen Open A"]
[Site "Groningen NED"]
[Date "2012.12.22"]
[Round "2.3"]
[White "Schoorl, Rob"]
[Black "Ernst, Sipke"]
[Result "0-1"]
[WhiteTitle "FM"]
[BlackTitle "GM"]
[WhiteElo "2366"]
[BlackElo "2562"]
[WhiteFideId "1009508"]
[BlackFideId "1004689"]
[EventDate "2012.12.21"]

1. e4 e5 2. Nf3 Nc6 3. Bb5 a6 4. Ba4 Nf6 5. O-O Be7 6. Re1 b5 7. Bb3 d6 8. c3
O-O 9. h3 Na5 10. Bc2 c5 11. d4 Qc7 12. Nbd2 Rd8 13. a3 c4 14. Nf1 Bb7 15. Ng3
h6 16. Nf5 Bf8 17. d5 Kh7 18. g4 g6 19. Ng3 Bc8 20. Nh2 Nd7 21. h4 Nc5 22. Be3
Be7 23. h5 Bh4 24. Kg2 Qe7 25. f4 Nd3 26. Bxd3 cxd3 27. hxg6+ fxg6 28. f5 gxf5
29. gxf5 Rg8 30. Nf1 Nc4 31. b3 d2 32. Re2 Bxg3 33. Nxg3 Rxg3+ 34. Kxg3 Bxf5 35.
Qh1 Nxe3 36. Rxe3 Qg5+ 37. Kf2 Bg4 38. Rf3 Qg7 39. Rg1 Qa7+ 40. Ke2 Bxf3+ 41.
Kxf3 d1=Q+ 42. Rxd1 Rf8+ 0-1

[Event "Groningen Open A"]
[Site "Groningen NED"]
[Date "2012.12.22"]
[Round "2.4"]
[White "Mammadova, Gulnar"]
[Black "Bok, Benjamin"]
[Result "0-1"]
[WhiteTitle "WGM"]
[BlackTitle "IM"]
[WhiteElo "2363"]
[BlackElo "2522"]
[WhiteFideId "13403508"]
[BlackFideId "1017063"]
[EventDate "2012.12.21"]

1. e4 e5 2. Nf3 Nc6 3. Bc4 Nf6 4. d3 Be7 5. O-O O-O 6. c3 d6 7. Bb3 Na5 8. Bc2
c5 9. b4 Nc6 10. b5 Nb8 11. Nbd2 a6 12. d4 axb5 13. dxe5 dxe5 14. Nxe5 Qc7 15.
f4 c4 16. Ndf3 b4 17. Bd2 bxc3 18. Bxc3 b5 19. Kh1 Bb7 20. Qe1 Na6 21. a3 Nc5
22. Ng5 h6 23. Nexf7 Rxf7 24. Nxf7 Kxf7 25. Bxf6 Bxf6 26. e5 Qc6 27. Qe2 Re8 28.
Rf2 Bd8 29. f5 Kg8 30. f6 Bxf6 31. Qg4 Rxe5 32. Raf1 Nd3 33. Bxd3 cxd3 34. Qd1
Qd6 35. h3 Rg5 36. Qd2 Qg3 0-1

[Event "Groningen Open A"]
[Site "Groningen NED"]
[Date "2012.12.22"]
[Round "2.5"]
[White "Pancevski, Filip"]
[Black "Eggleston, David J"]
[Result "1-0"]
[WhiteTitle "IM"]
[BlackTitle "FM"]
[WhiteElo "2512"]
[BlackElo "2352"]
[WhiteFideId "15002187"]
[BlackFideId "412120"]
[EventDate "2012.12.21"]

1. e4 c5 2. Ne2 a6 3. d4 cxd4 4. Nxd4 Nf6 5. Nc3 e5 6. Nf3 Bb4 7. Bg5 Bxc3+ 8.
bxc3 Qc7 9. Bd3 Qxc3+ 10. Nd2 d6 11. Rb1 Nbd7 12. O-O Qc7 13. Qf3 h6 14. Bh4 b6
15. Nc4 Rb8 16. a4 g5 17. Bg3 Ng8 18. Rfd1 h5 19. Be2 Rh6 20. Qf5 b5 21. axb5
axb5 22. Ne3 Rg6 23. Nd5 Qd8 24. h3 h4 25. Bh2 Nc5 26. Qf3 g4 27. hxg4 Bxg4 28.
Qe3 Bxe2 29. Qxe2 Nf6 30. Rxb5 Nfxe4 1-0

[Event "Groningen Open A"]
[Site "Groningen NED"]
[Date "2012.12.22"]
[Round "2.6"]
[White "Pijpers, Arthur"]
[Black "Michalik, Peter"]
[Result "0-1"]
[BlackTitle "GM"]
[WhiteElo "2351"]
[BlackElo "2508"]
[WhiteFideId "1019554"]
[BlackFideId "14907526"]
[EventDate "2012.12.21"]

1. e4 e5 2. Nf3 Nc6 3. Bc4 Bc5 4. O-O Nf6 5. d4 Bxd4 6. Nxd4 Nxd4 7. f4 d6 8.
fxe5 dxe5 9. Bg5 Qe7 10. Na3 Rg8 11. c3 Ne6 12. Be3 Bd7 13. Qb3 O-O-O 14. Bxa7
Bc6 15. Be3 Bxe4 16. Qa4 b6 17. Rxf6 gxf6 18. Bxe6+ Qxe6 19. Qxe4 f5 20. Qa8+
Kd7 21. Qa4+ Kc8 22. Qa8+ Kd7 23. Qa4+ Ke7 24. Qh4+ Qf6 25. Qh3 Rg4 26. Nc2 Qg6
27. Ne1 f4 28. Nf3 f6 29. Bf2 Rg8 30. Nh4 Qh5 31. Kh1 e4 32. Rd1 Rd8 33. Re1 e3
34. g3 Kf7 35. Bg1 Rxh4 36. gxh4 Qd5+ 37. Qg2 f3 0-1

[Event "Groningen Open A"]
[Site "Groningen NED"]
[Date "2012.12.22"]
[Round "2.10"]
[White "Ben Artzi, Ido"]
[Black "Naroditsky, Daniel"]
[Result "0-1"]
[BlackTitle "IM"]
[WhiteElo "2297"]
[BlackElo "2483"]
[WhiteFideId "2810913"]
[BlackFideId "2026961"]
[EventDate "2012.12.21"]

1. d4 Nf6 2. c4 e6 3. Nc3 Bb4 4. e3 b6 5. Bd3 Bb7 6. Nf3 Bxc3+ 7. bxc3 d6 8. O-O
O-O 9. Ne1 e5 10. f4 Qe7 11. a4 Nbd7 12. Nc2 Rfe8 13. a5 exf4 14. exf4 bxa5 15.
Ne3 Be4 16. Be2 a4 17. Qe1 Nb6 18. Ra2 c5 19. d5 Rab8 20. g4 Nfd7 21. Qg3 f5 22.
h3 Qf7 23. Kh2 Re7 24. Rg1 Rbe8 25. Bf1 Kh8 26. g5 Qf8 27. Bd2 0-1

[Event "Groningen Open A"]
[Site "Groningen NED"]
[Date "2012.12.22"]
[Round "2.11"]
[White "Van Overdam, Julian"]
[Black "Hovhanisian, Mher"]
[Result "0-1"]
[BlackTitle "IM"]
[WhiteElo "2268"]
[BlackElo "2477"]
[WhiteFideId "1015303"]
[BlackFideId "13300865"]
[EventDate "2012.12.21"]

1. e4 e6 2. d4 d5 3. Nd2 Nf6 4. e5 Nfd7 5. Bd3 c5 6. c3 Nc6 7. Ngf3 g6 8. h4 h6
9. Rb1 b5 10. O-O g5 11. h5 cxd4 12. cxd4 g4 13. Nh2 Rg8 14. Nb3 Qh4 15. Bh7 Rg7
16. Bd3 Qxh5 17. Bxb5 Bb7 18. Be3 Rc8 19. Re1 Be7 20. Bxc6 Rxc6 21. Na5 Rc7 22.
Rc1 Ba6 23. Nc6 g3 24. fxg3 0-1

[Event "Groningen Open A"]
[Site "Groningen NED"]
[Date "2012.12.22"]
[Round "2.12"]
[White "Das, Arghyadip"]
[Black "Vogel, Jaap"]
[Result "1-0"]
[WhiteTitle "IM"]
[BlackTitle "FM"]
[WhiteElo "2476"]
[BlackElo "2166"]
[WhiteFideId "5003610"]
[BlackFideId "1000764"]
[EventDate "2012.12.21"]

1. e4 e6 2. d4 d5 3. Nd2 Nf6 4. e5 Nfd7 5. c3 c5 6. Bd3 Nc6 7. Ne2 a5 8. O-O Be7
9. Nf3 cxd4 10. cxd4 Nb6 11. a3 Bd7 12. Qc2 Rc8 13. Qb1 h6 14. Ng3 a4 15. Nh5
Kf8 16. Bd2 Nc4 17. Bxc4 dxc4 18. Qe4 Be8 19. h4 Na5 20. Qg4 g6 21. Nf4 Bc6 22.
Rad1 Nb3 23. d5 Bxd5 24. Nxd5 exd5 25. Bc3 Rg8 26. e6 f6 27. h5 Qe8 28. Rxd5
gxh5 29. Qf4 Qg6 30. g3 Nc5 31. Ne5 Qg7 32. Rxc5 1-0

[Event "Groningen Open A"]
[Site "Groningen NED"]
[Date "2012.12.22"]
[Round "2.13"]
[White "Brunello, Marina"]
[Black "Roy Chowdhury, Saptarshi"]
[Result "0-1"]
[WhiteTitle "WIM"]
[BlackTitle "IM"]
[WhiteElo "2257"]
[BlackElo "2441"]
[WhiteFideId "822590"]
[BlackFideId "5002974"]
[EventDate "2012.12.21"]

1. e4 c5 2. c3 d6 3. d4 cxd4 4. cxd4 Nf6 5. Nc3 g6 6. h3 Bg7 7. Nf3 O-O 8. Bd3
Nc6 9. O-O d5 10. exd5 Nxd5 11. Be4 Nb6 12. Be3 Nc4 13. Na4 Nxe3 14. fxe3 Qd6
15. Rc1 Nb4 16. a3 Nd5 17. Qb3 Nf6 18. Bd3 Bh6 19. Bc4 b5 20. Bxb5 Rb8 21. Qd3
Rxb5 22. Qxb5 Bxe3+ 23. Kh1 Ne4 24. Qe5 Ng3+ 25. Kh2 Nxf1+ 26. Rxf1 Bf4+ 0-1

[Event "Groningen Open A"]
[Site "Groningen NED"]
[Date "2012.12.22"]
[Round "2.14"]
[White "Nestorovic, Nikola"]
[Black "Schoehuijs, Erik"]
[Result "1-0"]
[WhiteTitle "IM"]
[WhiteElo "2429"]
[BlackElo "2160"]
[WhiteFideId "934526"]
[BlackFideId "1004425"]
[EventDate "2012.12.21"]

1. e4 e5 2. Nf3 Nc6 3. Bc4 Nf6 4. d3 Be7 5. O-O O-O 6. Re1 d6 7. c3 Nd7 8. Nbd2
Bf6 9. Nf1 Nb6 10. Bb3 Ne7 11. h3 Ng6 12. Ng3 c6 13. a4 a5 14. Nh5 Be7 15. d4
exd4 16. Nxd4 d5 17. Nf5 Bf6 18. Be3 dxe4 19. Qxd8 Bxd8 20. Nhxg7 Nd7 21. Rad1
Nde5 22. Bc5 Nd3 23. Bxf8 Bxf5 24. Nxf5 Nxe1 25. Ba3 Nd3 26. Nd6 Be7 27. Bxf7+
Kg7 28. Bxg6 Bxd6 29. Bxe4 Bxa3 30. bxa3 Nc5 31. Bc2 Ra6 32. Rb1 Ra8 33. f3 h5
34. h4 Kf6 35. Kf2 Ke5 36. Re1+ Kd5 37. g4 Kc4 38. Re3 hxg4 39. fxg4 Rf8+ 40.
Ke2 Rf4 41. Bf5 Kd5 42. h5 Rxa4 43. h6 Rxa3 44. c4+ 1-0

[Event "Groningen Open A"]
[Site "Groningen NED"]
[Date "2012.12.22"]
[Round "2.16"]
[White "Van Foreest, Lucas"]
[Black "Matnadze, Ana"]
[Result "0-1"]
[BlackTitle "IM"]
[WhiteElo "2003"]
[BlackElo "2401"]
[WhiteFideId "1039792"]
[BlackFideId "13601377"]
[EventDate "2012.12.21"]

1. d4 Nf6 2. c4 e6 3. Nf3 b6 4. e3 Bb7 5. Bd3 Bb4+ 6. Bd2 Qe7 7. O-O Bxd2 8.
Nbxd2 d6 9. e4 e5 10. d5 a5 11. a3 O-O 12. b4 Nbd7 13. Re1 g6 14. Nf1 Ra7 15.
Qd2 Rfa8 16. Qc3 Nh5 17. g3 Bc8 18. Rec1 Ng7 19. Ne3 f5 20. Nd2 f4 21. Ng2 g5
22. Be2 h5 23. g4 Nf6 24. gxh5 g4 25. h6 Ngh5 26. f3 g3 0-1